| Tag |
First Indicator |
Second Indicator |
Subfields |
| LEADER |
00000cam a2200000 a 4500 |
| 001 |
in00000015866 |
| 005 |
20151007052623.0 |
| 008 |
880321s1987 enka b 10100 eng d |
| 020 |
|
|
|a 0120145812
|
| 035 |
|
|
|a (OCoLC)17654680
|
| 035 |
|
|
|9 AAA8546AM
|
| 040 |
|
|
|a TXA
|c TXA
|d TOL
|d TXA
|d UtOrBLW
|
| 049 |
|
|
|a TXAM
|c [A11050544]
|
| 050 |
|
4 |
|a QC20.7.D5
|b I58 1987
|
| 245 |
0 |
0 |
|a Inverse problems :
|b an interdisciplinary study /
|c edited by P.C. Sabatier.
|
| 264 |
|
1 |
|a London ;
|a Orlando, Fla. :
|b Academic Press,
|c 1987.
|
| 300 |
|
|
|a xii, 577 pages :
|b illustrations ;
|c 24 cm.
|
| 336 |
|
|
|a text
|b txt
|2 rdacontent
|
| 337 |
|
|
|a unmediated
|b n
|2 rdamedia
|
| 338 |
|
|
|a volume
|b nc
|2 rdacarrier
|
| 490 |
1 |
|
|a Advances in electronics and electron physics. Supplement ;
|v 19
|
| 500 |
|
|
|a "Proceedings of a meeting held at Montpellier from December 1st to December 5th 1986. It was sponsored by the Centre National de la Recherche Scientifique on the contract RCP 264 'Etudes interdisciplinaires des Problèmes Inverses.'"--Pref.
|
| 504 |
|
|
|a Includes bibliographical references and index.
|
| 650 |
|
0 |
|a Inverse problems (Differential equations)
|v Congresses.
|
| 650 |
|
0 |
|a Mathematical physics
|v Congresses.
|
| 700 |
1 |
|
|a Sabatier, Pierre Célestin,
|d 1935-
|
| 710 |
2 |
|
|a Centre national de la recherche scientifique (France).
|b Recherche coopérative sur programme 264.
|
| 830 |
|
0 |
|a Advances in electronics and electron physics.
|p Supplement ;
|v 19.
|
| 999 |
|
|
|a MARS
|
| 999 |
f |
f |
|s f95ff7dd-b6db-37c2-8cee-f94dedebfe53
|i c1a41505-9b10-3ef7-9fb4-f11cce548c50
|t 0
|
| 952 |
f |
f |
|p ric
|a Texas A&M University
|b Rellis Campus
|c Joint Library Facility
|s JLF
|d Remote Storage
|t 0
|e QC20.7.D5 I58 1987
|h Library of Congress classification
|i unmediated -- volume
|m A14811050544
|
| 998 |
f |
f |
|a QC20.7.D5 I58 1987
|t 0
|l Remote Storage
|